The noble scholar, jurist, historian


 His Excellency Dr. Abdul Wahhab bin Ibrahim Abu Sulaiman, may Allah have mercy on him.


 He was born in Umm Al-Qura in the year 1356 AH.

الاغتباط بتراجم أعلام الرباط / (Record no. 12425)

MARC details
000 -LEADER
fixed length control field 02449cam a2200337 i 4500
003 - CONTROL NUMBER IDENTIFIER
control field SA-RiAUC
005 - DATE AND TIME OF LATEST TRANSACTION
control field 20251006091127.0
008 - FIXED-LENGTH DATA ELEMENTS--GENERAL INFORMATION
fixed length control field 251004s1987 mr g 01000cara c
024 0# - OTHER STANDARD IDENTIFIER
Standard number or code 00000000980986
040 ## - CATALOGING SOURCE
Original cataloging agency SA-RiAUC
Language of cataloging ara
Transcribing agency SA-RiAUC
Modifying agency AE-DuMBRL
Description conventions rda
043 ## - GEOGRAPHIC AREA CODE
Geographic area code f-mr---
050 #4 - LIBRARY OF CONGRESS CALL NUMBER
Item number B85 1987
082 04 - DEWEY DECIMAL CLASSIFICATION NUMBER
Classification number 920.06431
Assigning agency SA-RiAUC
090 ## - LOCALLY ASSIGNED LC-TYPE CALL NUMBER (OCLC); LOCAL CALL NUMBER (RLIN)
Classification number (OCLC) (R) ; Classification number, CALL (RLIN) (NR) 920.06431
Local cutter number (OCLC) ; Book number/undivided call number, CALL (RLIN) ب و ج
100 1# - MAIN ENTRY--PERSONAL NAME
Personal name بوجندار، محمد بن مصطفى،
Dates associated with a name 1890-1926
Relator term مؤلف.
245 12 - TITLE STATEMENT
Title الاغتباط بتراجم أعلام الرباط /
Statement of responsibility, etc. لمؤلفه محمد بن ج مصطفى بوجندار ؛ دراسة وتحقيق للدكتور عبد الكريم كريم.
264 #1 - PRODUCTION, PUBLICATION, DISTRIBUTION, MANUFACTURE, AND COPYRIGHT NOTICE
Place of production, publication, distribution, manufacture الرباط :
Name of producer, publisher, distributor, manufacturer [الناشر غير محدد]،
Date of production, publication, distribution, manufacture, or copyright notice 1987.
264 #3 - PRODUCTION, PUBLICATION, DISTRIBUTION, MANUFACTURE, AND COPYRIGHT NOTICE
Place of production, publication, distribution, manufacture الرباط :
Name of producer, publisher, distributor, manufacturer مطابع الأطلسي
300 ## - PHYSICAL DESCRIPTION
Extent 479 صفحة ؛
Dimensions 22 × 14 سم
336 ## - CONTENT TYPE
Content type term نص
Content type code txt
Source rdacontent
Materials specified كتاب
337 ## - MEDIA TYPE
Media type term بدون وسيط
Media type code n
Source rdamedia
338 ## - CARRIER TYPE
Carrier type term مجلد
Carrier type code nc
Source rdacarrier
500 ## - GENERAL NOTE
General note بمناسبة الذكرى المئوية لميلاد المؤرخ الرياط محمد بوجندار.
520 ## - SUMMARY, ETC.
Summary, etc. يتناول كتاب (الاغتباط بتراجم أعلام الرباط) والذي قام بتأليفه محمد بن ج مصطفى بوجندار، موضوع (أعلام الرباط) هذا الكتاب الذي صنفه خديم العلم والأدب، ونشر فيه أخبار من ذهب العلامة محمد بن مصطفى بوجندار بلغه الله مناه في دار القرار ورزقه الحسنى وزيادة فنعم عقبى الدار. وقد شرع بوجندار بالتقديم للاغتباط بمقدمة تأريخية يعرف فيها بمدينة الرباط، ماضيها وحاضرها وما تعاقب عليها من دول وحضارات، وما وقع فيها من حوادث ومهمات حتى تشعب به البحث وتفرقت به السبل، فاسترسل في الكلام قبل الشروع في تراجم الأعلام.
651 #7 - SUBJECT ADDED ENTRY--GEOGRAPHIC NAME
Geographic name الرباط (المغرب)
Form subdivision تراجم
Source of heading or term aucsh
700 1# - ADDED ENTRY--PERSONAL NAME
Personal name كريم، عبد الكريم
Relator term محقق.
856 4# - ELECTRONIC LOCATION AND ACCESS
Uniform Resource Identifier <a href="https://catalog.loc.gov/vwebv/staffView?searchId=9212&recPointer=3&recCount=25&bibId=4799903">https://catalog.loc.gov/vwebv/staffView?searchId=9212&recPointer=3&recCount=25&bibId=4799903</a>
942 ## - ADDED ENTRY ELEMENTS (KOHA)
Source of classification or shelving scheme Dewey Decimal Classification
Koha item type Books
Suppress in OPAC No
949 ## - LOCAL PROCESSING INFORMATION (OCLC)
a SA-JeALM
d 251004
u mohamedma123
n 1
Holdings
Withdrawn status Lost status Source of classification or shelving scheme Damaged status Not for loan Home library Current library Date acquired Total checkouts Full call number Barcode Date last seen Price effective from Koha item type
    Dewey Decimal Classification     DR AbdElwahab Library DR AbdElwahab Library 10/06/2025   920.06431 ب و ج 000019988 10/06/2025 10/06/2025 Books